000 00257 a2200097 4500
001 19804
100 _aThorpe, CL
245 _aEduc and the devop. of Muslimnationalism in pre partition India
260 _a
_bPak Historical Society
_c
090 _c14428
_d14428
942 _aNUST-CAE
_cM
_c4923
999 _c254877
_d254877